000 01610 a2200385 4500
001 23642762
003 0000
005 20260313122258.0
008 240416s2018 stka b 001 0 eng
010 _a 2022303251
020 _a9780323834605
035 _a23642762
040 _aDLC
_beng
_erda
_cDLC
042 _apcc
050 0 0 _aRT 69 .W38
100 1 _aWaugh, Anne,
_eauthor.
245 1 0 _aRoss & Wilson anatomy and physiology in health and illness /
_cAnne Waugh, BSc (Hons), MSc, CertEd, SRN, RNT, PFHEA, Former Senior Teaching Fellow and Senior Lecturer, School of Health and Social Care, Edinburgh Napier University, Edinburgh, UK, Allison Grant, BSc, PhD, FHEA, Lecturer, Department of Health and Life Sciences, Glasgow Caledonian University, Glasgow, UK ; illustrations by Richard Tibbitts, Antbits Limited.
246 3 _aRoss and Wilson anatomy & physiology in health and illness
250 _a14th ed.
264 1 _aEdinburgh ;
_aNew York :
_bElsevier,
_c2023
300 _axi, 586p. ill.
336 _atext
_btxt
_2rdacontent
337 _aunmediated
_bn
_2rdamedia
338 _avolume
_bnc
_2rdacarrier
504 _aIncludes bibliographical references (page 535) and index.
650 0 _aHuman anatomy
_vTextbooks.
650 0 _aHuman physiology
_vTextbooks.
650 0 _aPathology
_vTextbooks.
650 0 _aNursing
_vTextbooks.
700 1 _aGrant, Allison
_q(Allison Wynn),
_d1961-
_eauthor.
700 1 _aTibbitts, Richard,
_eillustrator.
906 _a7
_bcbc
_corignew
_d2
_encip
_f20
_gy-gencatlg
942 _2lcc
_cBK
999 _c44132
_d44132